Estadísticas para Quiz - ¿Queda en Argentina?

Haz click aquí para intentar la prueba.

Estadísticas generales

  • Esta prueba ha sido intentada 21 veces
  • La puntuación promedio es 6 de 10

Estadísticas de respuestas

PreguntaRespuesta% Correcto
La montaña más alta de AméricaQueda en Argentina
90%
El río más ancho del mundoQueda en Argentina
85%
La reserva de agua dulce más grande del mundoQueda en Argentina
80%
El Glaciar Las Lágrimas donde se estrelló el avión 571 de la Fuerza Aérea Uruguaya, evento retratado por la película "La Sociedad de la Nieve" nominada al Oscar en 2024Queda en Argentina
70%
La comunidad de galeses más grande del mundo (fuera de Gales)Queda en Argentina
65%
El lago más grande de SudaméricaNo queda en Argentina
60%
El estadio de fútbol más grande del Hemisferio SurNo queda en Argentina
60%
El club de fútbol con más socios en el mundoNo queda en Argentina
50%
El casino más grande de SudaméricaQueda en Argentina
35%
La universidad pública de Sudamérica mejor calificada en el Academic Ranking of World UniversitiesNo queda en Argentina
25%

Distribución de puntuación

Porcentaje por número respondido

Porcentaje de gente con cada puntuación

Historial de tus puntuaciones

No has intentado esta prueba.